Sport és társadalomtudományok
Elmentve itt :
| Szerző: | |
|---|---|
| Dokumentumtípus: | Prezentáció |
| Megjelent: |
2011
|
| Kulcsszavak: | sport sportlélektan pszichológia |
| Tárgyszavak: | |
| Online Access: | http://eta.bibl.u-szeged.hu/4658 |
| LEADER | 00838nnm a2200265 i 4500 | ||
|---|---|---|---|
| 001 | eta4658 | ||
| 005 | 20210110100330.0 | ||
| 008 | 210110s2011 hu o 0|| hun d | ||
| 040 | |a SZTE Elektronikus Tananyag Archívum |b hun | ||
| 041 | |a hun | ||
| 100 | 1 | |a Balogh László | |
| 245 | 1 | 0 | |a Sport és társadalomtudományok |h [elektronikus dokumentum] / |c Balogh László |
| 260 | |c 2011 | ||
| 300 | |a 19 | ||
| 516 | |a Presentation | ||
| 650 | 4 | |a Orvos- és egészségtudomány | |
| 650 | 4 | |a Egészségtudományok | |
| 650 | 4 | |a Sport és fitnesztudományok | |
| 650 | 4 | |a Társadalomtudományok | |
| 650 | 4 | |a Pszichológia | |
| 650 | 4 | |a Pszichológia (benne ember-gép kapcsolat) | |
| 695 | |a sport | ||
| 695 | |a sportlélektan | ||
| 695 | |a pszichológia | ||
| 856 | 4 | 0 | |u https://eta.bibl.u-szeged.hu/4658/1/2010-0012_90_01.pdf |z Dokumentum-elérés |